Slovenský obchod a spotrebiteľ v tendenciach globalizačných zmien habilitačná práca

Na minha lista:
Detalhes bibliográficos
Autor principal: Lieskovská, Vanda, 1961-
Autor Corporativo: Ekonomická univerzita v Bratislave. Podnikovohospodárska fakulta so sídlom v Košiciach
Formato: Livro
Idioma:eslovaco
Publicado em: Košice 2003
Assuntos:
Tags: Adicionar Tag
Sem tags, seja o primeiro a adicionar uma tag!

MARC

LEADER 00000nam$a2200000$$$4500
001 0040511
005 20240104093408.3
041 0 |a slo 
044 |a SK 
245 1 0 |a Slovenský obchod a spotrebiteľ v tendenciach globalizačných zmien  |b habilitačná práca  |c Vanda Lieskovská 
264 1 |a Košice  |c 2003 
300 |a 122 s. 
610 2 0 |a obchod 
610 2 0 |a spotrebitelia 
610 2 0 |a reštrukturalizácia 
610 2 0 |a maloobchod 
610 2 0 |a globalizácia 
610 2 0 |a správanie spotrebiteľa 
610 2 0 |a analýzy 
610 2 0 |a karty platobné 
100 1 |a Lieskovská, Vanda, 1961- 
710 2 |a Ekonomická univerzita v Bratislave. Podnikovohospodárska fakulta so sídlom v Košiciach